1961 1495 1990 1017 1362 1533 1732 1800 1505 1501 1144 1284 1655 1708 1876 1478 1773 1708 1907 1005 1890 1875 1063 1134 1276 1726 1277 1590 1621 1850 1835 1333 1300 1371 1765 1475 1916 1276 1024 1547 1045 1721 1283 1256 1609 1401 1434 1051 1775 1941 1799 1194 1766 1693 1882 1090 1513 1250 1121 1701 1612 1174 1837 1780 1648 1151 1136 1161 1818 1693 1093 1626 1595 1402 1382 1447 1206 1040 1847 1655 1541 1942 1153 1581 1957 1669 1057 1656 1170 1369 1162 1547 1438 1411 1408 1780 1873 1628 1825 BCNSPRNW ULIB Ver.6.0+V

เปลี่ยนเป็นภาษาไทย

Change to English
 แสดงรายละเอียดบรรณานุกรม
  กลับหน้าหลัก

Brief Record : Get Marc (ISO 2709) : E-mail record : QR code < ปิดหน้าต่าง
LEADER : 00000nam 2200000uu 4500
001    13399121445
003     ULIB
008    110607s2546 th 000 1 tha d
020    ^a9789749150931
040    ^acl
090    ^aรส^bย115ค 2546
100 0  ^aยงค์ ยโสธร
245 10 ^aคำอ้าย /^cยงค์ ยโสธร
250    ^aพิมพ์ครั้งที่ 3
260    ^aกรุงเทพฯ :^bมูลนิธิสถาบันวิชาการ 14 ตุลา,^c2546
300    ^a268 หน้า ;^c21 ซม.
490 0  ^aหนังสือชุด''ตุลาวรรณกรรม''
500    ^aฉลองครบรอบ 30 ปี 14 ตุลา : 2516-2546 ร่วมวาระประวัติศาสตร์''''วัน 14 ตุลา ประชาธิปไตย''''
650  4 ^aนวนิยายไทย
710 2  ^aมูลนิธิสถาบันวิชาการ 14 ตุลา
945    ^p0^l0^i14374
995    ^aกัณชพร
999    ^aกัณชพร
รายการนี้ยังไม่มีแท็ก
คุณยังไม่ได้ล็อกอิน คุณสามารถมีกิจกรรมร่วมกับเว็บไซต์ได้ แต่ต้องล็อกอินก่อน ::
  ล็อกอิน

รายการสื่อสารสนเทศ

ลำดับที่ ประเภท เลขเรียก/บาร์โค้ด สถานที่ สถานะ
1. นวนิยาย
นวนิยาย
รส ย115ค 2546  
  Barcode: 14374
ห้องสมุดวิทยาเขตสวรรค์ประชารักษ์
►นวนิยาย
บนชั้น
  ขอยืม

รายการใกล้เคียง
    หัวเรื่อง [นวนิยายไทย]

BibComment


ยังไม่เคยถูกคอมเมนท์

คอมเมนท์ทรัพยากรรายการนี้
  คอมเมนท์: คำอ้าย ยงค์ ยโสธร


 Copyright 2026. Bcnsprnw @Library